000 00657cam a2200229 i 4500
999 _c3184
_d3184
003 OSt
005 20210830083220.0
008 790711s1980 nyua b 001 0 eng
020 _a0070477183
040 _cDLC
050 1 0 _aRT84.5
_b.O73 1980
100 1 _aOrem, Dorothea E.
_d1914-
245 1 0 _aNursing :
_bconcepts of practice /
_cDorothea E. Orem.
250 _a2d ed.
260 _aNew York :
_bMcGraw-Hill,
_cc1980.
300 _aviii, 232 p. :
_bill. ;
_c23 cm.
500 _aIncludes index.
504 _aBibliography: p. 222-225.
650 0 _aNursing
_xPhilosophy.
906 _a7
_bcbc
_corignew
_d1
_eocip
_f19
_gy-gencatlg
942 _2lcc
_cBK
_nSO